| 000 | 00529nam a2200193Ia 4500 | ||
|---|---|---|---|
| 005 | 20260429112139.0 | ||
| 008 | 260429s9999||||xx |||||||||||||| ||und|| | ||
| 020 | _a9780367219635 | ||
| 041 | _aEnglish | ||
| 082 |
_a410 _bJOA |
||
| 100 | _aJoanne, Cavallaro | ||
| 245 | 0 |
_aEveryday linguistics : _ban introduction to the study of language / _cCavallaro Joanne |
|
| 250 | _a1st ed. | ||
| 260 |
_aNew York : _bRoutledge, _c2024. |
||
| 300 | _axi, 248 p.; pbk | ||
| 650 | _a Language | ||
| 650 | _aLinguistics | ||
| 942 | _cTB | ||
| 999 |
_c52590 _d52590 |
||